Diccionario manual de mercadotecnia / (Registro nro. 7396)

Detalles MARC
000 -LEADER
fixed length control field 01052nam a2200253 4500
001 - CONTROL NUMBER
control field 0000018316
005 - DATE AND TIME OF LATEST TRANSACTION
control field 20250329172019.0
007 - PHYSICAL DESCRIPTION FIXED FIELD--GENERAL INFORMATION
fixed length control field ta
008 - FIXED-LENGTH DATA ELEMENTS--GENERAL INFORMATION
fixed length control field 160627s1999 000 0 eng d
020 ## - INTERNATIONAL STANDARD BOOK NUMBER
International Standard Book Number 9589641105
040 ## - CATALOGING SOURCE
Original cataloging agency CO-CtgCURN
Language of cataloging spa
Transcribing agency coctgcurn
082 0# - DEWEY DECIMAL CLASSIFICATION NUMBER
Classification number R658.8030
Item number V15d
100 1# - MAIN ENTRY--PERSONAL NAME
Personal name Valencia Vivas, Héctor Javier.
245 10 - TITLE STATEMENT
Title Diccionario manual de mercadotecnia /
Statement of responsibility, etc. Héctor Javier Valencia Vivas.
250 ## - EDITION STATEMENT
Edition statement 2a ed.
260 #1 - PUBLICATION, DISTRIBUTION, ETC.
Place of publication, distribution, etc. Ibague : :
Name of publisher, distributor, etc. Atlas,,
Date of publication, distribution, etc. 1999.
300 ## - PHYSICAL DESCRIPTION
Extent 217 p.
500 ## - GENERAL NOTE
General note Incluye indice.
505 8# - FORMATTED CONTENTS NOTE
Formatted contents note Diccionario de mercadotecnia.--Absorcion de flete.--AcaparamientoActitud de compra.--Actitud hacia la marca.--Actividades de mercadotecnia.--Actividades de precontactos.--Administracion de mercado tecnia.--Agencias productoras comerciales.--Agencia de publicidad.--Agente intermediario mayorista
650 14 - SUBJECT ADDED ENTRY--TOPICAL TERM
Topical term or geographic name entry element Pedagogia
Form subdivision Diccionarios, enciclopedias, etc.
908 ## - PUT COMMAND PARAMETER (RLIN)
Put command parameter 160627
942 ## - ADDED ENTRY ELEMENTS (KOHA)
Koha item type Diccionarios
Classification part R658.8030
Item part V15d
Existencias
Withdrawn status Lost status Source of classification or shelving scheme Damaged status Not for loan Collection Home library Current library Shelving location Date acquired Inventory number Total checkouts Full call number Barcode Date last seen Price effective from Koha item type Public note
    Dewey Decimal Classification     Referencia Miguel Henríquez Castañeda Miguel Henríquez Castañeda   06/22/2017 001043   R658.8030 V15d 001043 03/29/2025 03/29/2025 Diccionarios 650-ADMINS